Oranges - Sudden Death - Statistics

General Stats
  • This quiz has been taken 80 times
  • The average score is 3 of 14
Answers on the Grid
Answers color-coded by a green-red scale on the quiz's grid according to % correct below.
Apricot
Atomic Tangerine
Bittersweet
Clementine
Macaroni and Cheese
Mango
Light Peach
Mango Tango
Metallic Sunburst
Neon Carrot
Peach
Sunglow
Vivid Tangerine
Bittersweet Shimmer
Sweet Potato Pie
Smashin' Pumpkins
Nectarine
Mighty Mandarin
Sliced Cantaloupe
Persimmon
Papaya
Blazing Kumquat
Neon Gooseberry
Sizzlin' Sunburn
 
Answer Stats
Answer % Correct
Mango
50%
Peach
39%
Clementine
38%
Apricot
36%
Atomic Tangerine
16%
Light Peach
16%
Neon Carrot
16%
Mango Tango
14%
Vivid Tangerine
14%
Bittersweet Shimmer
9%
Macaroni and Cheese
7%
Sunglow
7%
Bittersweet
5%
Metallic Sunburst
4%
No matching quizzes found
Score Distribution
Percent of People with Each Score
Percentile by Number Answered
Your Score History
You have not taken this quiz